| 000 | 00554nam a2200193Ia 4500 | ||
|---|---|---|---|
| 005 | 20250923145926.0 | ||
| 008 | 008 250917s9999 xx 000 0 eng d | ||
| 037 | _aTextual | ||
| 040 |
_aDSWL _beng _cDSWL |
||
| 041 |
_aeng _2eng |
||
| 084 |
_aY720bI954x278, N94 _qDSWL |
||
| 245 | 0 |
_aTribal Ethno-Botany Mizoram _cEd. by N. Mohanti |
|
| 260 |
_aNew Delhi _b Inter India Publication _c1994 |
||
| 300 | _a184p. | ||
| 365 |
_aINR _b230.00 |
||
| 925 | _g230.00 | ||
| 942 |
_cTEXL _hY720bI954x278, N94 |
||
| 999 |
_c1457424 _d1457424 |
||